Ciencias naturales 8
Saved in:
| Main Authors: | , , |
|---|---|
| Format: | Bog |
| Sprog: | spansk |
| Udgivet: |
Santiago
Santillana del Pacífico
1988
|
| Udgivelse: | 4a. ed |
| Serier: | Textos Escolares para la educación general básica
|
| Fag: | |
| Tags: |
Tilføj Tag
Ingen Tags, Vær først til at tagge denne postø!
|
MARC
| LEADER | 00000nam a2200000 a 4500 | ||
|---|---|---|---|
| 001 | UCW3531 | ||
| 003 | CL-VaPUC | ||
| 008 | 881103e19880000CL |||||||||||||||||spa|d | ||
| 082 | 0 | 4 | |a 372.35 |b HES |2 21 |
| 100 | |a Hess Mienert, Eduardo |e author |9 497572 | ||
| 700 | 0 | |a Moll Aguero, María Luisa |e author |9 307782 | |
| 700 | 0 | |a Yankovic Nola, Bartolomé |e author |9 307783 | |
| 245 | 1 | 0 | |a Ciencias naturales 8 |
| 250 | |a 4a. ed | ||
| 300 | |a 174 p | ||
| 942 | |c BK | ||
| 945 | |d 19881103 00:00:00 | ||
| 260 | |a Santiago |b Santillana del Pacífico |c 1988 | ||
| 650 | 0 | |a Ciencias naturales |9 260542 | |
| 650 | 0 | |a Libros de texto |9 270019 | |
| 583 | |a last modification |c 19881103 00:00:00 |k Rodrigo Vera | ||
| 490 | 0 | |a Textos Escolares para la educación general básica | |
| 999 | |c 217500 |d 217498 | ||
| 952 | |0 0 |1 0 |4 0 |6 372_350000000000000_HES_1988 |7 0 |8 P |9 205216 |a BIBEDU |b BIBEDU |c BIBEDU_PB |d 2019-11-15 |i 2731622 |o 372.35 HES 1988 |p 2731622 |r 2024-01-25 |w 2019-11-15 |y BK |k EDU | ||
| 952 | |0 0 |1 0 |4 0 |6 372_350000000000000_HES_1988 |7 0 |8 P |9 205217 |a BIBEDU |b BIBEDU |c BIBEDU_PB |d 2019-11-15 |i 2731630 |o 372.35 HES 1988 |p 2731630 |r 2024-01-25 |w 2019-11-15 |y BK |k EDU | ||
| 952 | |0 0 |1 0 |4 0 |6 372_350000000000000_HES_1988 |7 0 |8 P |9 205218 |a BIBEDU |b BIBEDU |c BIBEDU_PB |d 2019-11-15 |i 2731649 |o 372.35 HES 1988 |p 2731649 |r 2024-01-25 |w 2019-11-15 |y BK |k EDU | ||
| 952 | |0 0 |1 0 |4 0 |6 372_350000000000000_HES_1988 |7 0 |8 P |9 205219 |a BIBEDU |b BIBEDU |c BIBEDU_PB |d 2019-11-15 |i 2731657 |o 372.35 HES 1988 |p 2731657 |r 2024-01-25 |w 2019-11-15 |y BK |k EDU | ||